Statistics for A-League teams 2022

Click here to take the quiz!

General Stats

  • This quiz has been taken 79 times
    (25 since last reset)
  • The average score is 11 of 13

Answer Stats

HintAnswer% Correct
WAPerth Glory
100%
NSWSydney FC
100%
SAAdelaide United
95%
QLDBrisbane Roar
95%
VICMelbourne City
95%
NSWCentral Coast Mariners
90%
VICMelbourne Victory
90%
NSWNewcastle Jets
90%
NZWellington Phoenix
90%
NSWWestern Sydney Wanderers
86%
VICWestern United
76%
Bonus: (Future team) ACTCanberra (TBD)
71%
NSWMacarthur FC
67%

Score Distribution

Percentile by Number Answered

Percent of People with Each Score

Your Score History

You have not taken this quiz since the last reset